|
|
|
|
| LEADER |
01237nam a2200265 a 4500 |
| 003 |
BD-DhAAL |
| 005 |
20260513180831.0 |
| 008 |
100222r20031978ii b 001 0 eng d |
| 020 |
|
|
|a 0706999010
|
| 040 |
|
|
|a BD-DhAAL
|c BD-DhAAL
|
| 082 |
0 |
0 |
|a 346.5407
|2 22
|
| 100 |
1 |
|
|a Kuchhal, M.C.
|
| 245 |
1 |
0 |
|a Mercantile law /
|c M.C. Kuchhal.
|
| 250 |
|
|
|a Fifth revised edition.
|
| 260 |
|
|
|a New Delhi :
|b Vikas Publishing House (P) Ltd,
|c c1978 [reprinted 2006].
|
| 300 |
|
|
|a xxviii, 617 pages ;
|c 21 cm.
|
| 504 |
|
|
|a Includes select bibliography and index.
|
| 541 |
1 |
|
|e 00014696
|
| 650 |
|
0 |
|a Commercial law
|z India.
|
| 852 |
4 |
|
|a Ayesha Abed Library
|j General Shelf.
|
| 942 |
0 |
0 |
|0 3
|2 ddc
|c BK
|
| 999 |
|
|
|c 7640
|d 7640
|
| 952 |
|
|
|0 0
|1 0
|2 ddc
|4 0
|6 346_540700000000000_KUC
|7 0
|9 8364
|a BRACUL
|b BRACUL
|c GEN
|d 2010-02-22
|l 35
|m 232
|o 346.5407 KUC
|p 3010014696
|r 2025-10-15
|s 2024-12-21
|t 1
|w 2010-02-22
|y BK
|
| 952 |
|
|
|0 0
|1 0
|2 ddc
|4 0
|6 346_540700000000000_KUC
|7 0
|9 14818
|a BRACUL
|b BRACUL
|c GEN
|d 2011-03-21
|l 41
|m 238
|o 346.5407 KUC
|p 3010014697
|q 2026-06-02
|r 2026-05-18
|s 2026-05-18
|t 2
|w 2011-03-21
|y BK
|
| 952 |
|
|
|0 0
|1 0
|2 ddc
|4 0
|6 346_540700000000000_KUC
|7 0
|9 14819
|a BRACUL
|b BRACUL
|c GEN
|d 2011-03-21
|l 32
|m 277
|o 346.5407 KUC
|p 3010009453
|r 2026-05-18
|s 2026-05-18
|t 3
|w 2011-03-21
|y BK
|